00554 a2200145 450000500170000002000190001708200160003610000190005224500760007126000590014730000360020694200130024299900150025595201380027020250529082611.0 a0-90-3031-94-9 a338.04 BOL aBOLLA5RD, A . aJust for Starters : A handbook of Small- scale Business Opportunities aLondon,bIntermediate Technology Publications,c1984. ax, 197p.: ill.; picture,c21cm. 2ddccBKS c2811d2811 r2025-05-29 08:31:40l0o338.04 BOLp00000010398v30000.00w2025-05-29yBKS102ddc407000aCBEMLbCBEMLcGENd2000-08-16g10000.00